2025 NASCAR Cup Series Winners (so far) - Statistics

General Stats
  • This quiz has been taken 77 times
    25 since last reset
  • The average score is 28 of 30
Answer Stats
Hint Answer % Correct
Cook Out 400 (Richmond) Austin Dillon
100%
Cook Out Clash at Bowman Gray Chase Elliott
100%
Quaker State 400 Chase Elliott
100%
Ambetter Health 400 Christopher Bell
100%
EchoPark Automotive Grand Prix Christopher Bell
100%
Shriners Children’s 500 Christopher Bell
100%
NASCAR All-Star Race Christopher Bell
100%
Daytona 500 William Byron
100%
Iowa Corn 350 William Byron
100%
Duel 1 at Daytona Bubba Wallace
95%
Brickyard 400 Bubba Wallace
95%
Cook Out 400 (Martinsville) Denny Hamlin
95%
Goodyear 400 Denny Hamlin
95%
FireKeepers Casino 400 Denny Hamlin
95%
Autotrader EchoPark Automotive 400 Denny Hamlin
95%
Straight Talk Wireless 400 Kyle Larson
95%
Food City 500 Kyle Larson
95%
AdventHealth 400 Kyle Larson
95%
Viva Mexico 250 Shane van Gisbergen
95%
Grant Park 165 Shane van Gisbergen
95%
Toyota Save Mart 350 Shane van Gisbergen
95%
Go Bowling At The Glen Shane van Gisbergen
95%
Duel 2 at Daytona Austin Cindric
89%
Jack Link’s 500 Austin Cindric
89%
The Great American Getaway 400 Chase Briscoe
89%
Würth 400 Joey Logano
89%
Cracker Barrel 400 Ryan Blaney
89%
Pennzoil 400 Josh Berry
84%
Coca-Cola 600 Ross Chastain
84%
NASCAR All-Star Open Carson Hocevar
58%
No matching quizzes found
Score Distribution
Percent of People with Each Score
Percentile by Number Answered
Your Score History
You have not taken this quiz since the last reset